<?xml version="1.0" encoding="UTF-8"?>
<record
    xmlns:xsi="http://www.w3.org/2001/XMLSchema-instance"
    xsi:schemaLocation="http://www.loc.gov/MARC21/slim http://www.loc.gov/standards/marcxml/schema/MARC21slim.xsd"
    xmlns="http://www.loc.gov/MARC21/slim">

  <leader>03161cam a2200349 a 4500</leader>
  <controlfield tag="003">EG-GiCUC</controlfield>
  <controlfield tag="005">20250223031735.0</controlfield>
  <controlfield tag="008">170618s2016    ua dh  f m    000 0 eng d</controlfield>
  <datafield tag="040" ind1=" " ind2=" ">
    <subfield code="a">EG-GiCUC</subfield>
    <subfield code="b">eng</subfield>
    <subfield code="c">EG-GiCUC</subfield>
  </datafield>
  <datafield tag="041" ind1="0" ind2=" ">
    <subfield code="a">eng</subfield>
  </datafield>
  <datafield tag="049" ind1=" " ind2=" ">
    <subfield code="a">Deposite </subfield>
  </datafield>
  <datafield tag="097" ind1=" " ind2=" ">
    <subfield code="a">M.Sc </subfield>
  </datafield>
  <datafield tag="099" ind1=" " ind2=" ">
    <subfield code="a">Cai01.11.28.M.Sc.2016.Ay.R</subfield>
  </datafield>
  <datafield tag="100" ind1="0" ind2=" ">
    <subfield code="a">Aya Osama Mohamed </subfield>
  </datafield>
  <datafield tag="245" ind1="1" ind2="0">
    <subfield code="a">Role of power doppler in evaluation of synovial inflammation of knee joints in children with juvenile idiopathic arthritis / </subfield>
    <subfield code="c">Aya Osama Mohamed ; Supervised Samia Salah Eldin Mahmoud ,Yomna Mohamed Farag , Rania Hamdy Hashim </subfield>
  </datafield>
  <datafield tag="246" ind1="1" ind2="5">
    <subfield code="a">&#x62F;&#x648;&#x631; &#x62F;&#x648;{u&#x626;&#x625;&#x669;&#x661;}{u&#x626;&#x625;&#x625;&#x660;}{u&#x626;&#x625;&#x621;&#x625;} &#x627;{u&#x626;&#x625;&#x624;&#x626;}{u&#x626;&#x625;&#x623;&#x664;}{u&#x626;&#x625;&#x668;&#x625;}{u&#x626;&#x625;&#x624;&#x667;}{u&#x626;&#x625;&#x669;&#x664;} {u&#x626;&#x625;&#x624;&#x663;}{u&#x626;&#x625;&#x626;&#x662;} {u&#x626;&#x625;&#x669;&#x667;}{u&#x626;&#x625;&#x624;&#x668;}{u&#x626;&#x622;&#x626;&#x626;}{u&#x626;&#x622;&#x626;&#x626;}{u&#x626;&#x625;&#x625;&#x662;} &#x627;{u&#x626;&#x625;&#x626;&#x622;}{u&#x626;&#x625;&#x624;&#x626;}{u&#x626;&#x625;&#x669;&#x668;}{u&#x626;&#x622;&#x621;&#x624;}{u&#x626;&#x625;&#x668;&#x625;}&#x628; &#x627;{u&#x626;&#x625;&#x624;&#x626;}{u&#x626;&#x625;&#x622;&#x664;}{u&#x626;&#x622;&#x626;&#x626;}{u&#x626;&#x625;&#x625;&#x668;}{u&#x626;&#x625;&#x625;&#x625;}{u&#x626;&#x625;&#x624;&#x663;}{u&#x626;&#x625;&#x626;&#x660;}  {u&#x626;&#x625;&#x669;&#x661;}{u&#x626;&#x625;&#x625;&#x664;}{u&#x626;&#x625;&#x624;&#x664;}{u&#x626;&#x625;&#x668;&#x625;}{u&#x626;&#x625;&#x622;&#x622;}{u&#x626;&#x625;&#x624;&#x625;} &#x627;{u&#x626;&#x625;&#x624;&#x626;}{u&#x626;&#x625;&#x621;&#x625;}{u&#x626;&#x625;&#x624;&#x622;}{u&#x626;&#x625;&#x669;&#x662;}{u&#x626;&#x622;&#x621;&#x622;} {u&#x626;&#x625;&#x624;&#x663;}{u&#x626;&#x625;&#x626;&#x662;} &#x627;{u&#x626;&#x625;&#x626;&#x622;}&#x637;{u&#x626;&#x625;&#x624;&#x664;}{u&#x626;&#x625;&#x668;&#x625;}&#x644; &#x627;{u&#x626;&#x625;&#x624;&#x626;}{u&#x626;&#x625;&#x625;&#x664;}{u&#x626;&#x625;&#x622;&#x623;}{u&#x626;&#x625;&#x668;&#x625;}{u&#x626;&#x625;&#x669;&#x661;}{u&#x626;&#x622;&#x626;&#x626;}{u&#x626;&#x625;&#x625;&#x666;} {u&#x626;&#x625;&#x669;&#x661;}{u&#x626;&#x625;&#x668;&#x625;}{u&#x626;&#x625;&#x624;&#x626;}{u&#x626;&#x625;&#x621;&#x625;}&#x648;{u&#x626;&#x625;&#x625;&#x663;}{u&#x626;&#x625;&#x668;&#x625;}{u&#x626;&#x625;&#x669;&#x667;}{u&#x626;&#x622;&#x626;&#x626;}{u&#x626;&#x625;&#x621;&#x621;} &#x627;{u&#x626;&#x625;&#x624;&#x626;}{u&#x626;&#x625;&#x625;&#x664;}{u&#x626;&#x625;&#x624;&#x664;}{u&#x626;&#x625;&#x622;&#x623;}{u&#x626;&#x625;&#x625;&#x660;}{u&#x626;&#x625;&#x626;&#x660;}</subfield>
  </datafield>
  <datafield tag="260" ind1=" " ind2=" ">
    <subfield code="a">Cairo : </subfield>
    <subfield code="b">Aya Osama Mohamed , </subfield>
    <subfield code="c">2016</subfield>
  </datafield>
  <datafield tag="300" ind1=" " ind2=" ">
    <subfield code="a">84 P. : </subfield>
    <subfield code="b">charts , facsimiles ; </subfield>
    <subfield code="c">25cm</subfield>
  </datafield>
  <datafield tag="502" ind1=" " ind2=" ">
    <subfield code="a">Thesis (M.Sc.) - Cairo University - Faculty of Medicine  - Department of Pediatrics </subfield>
  </datafield>
  <datafield tag="520" ind1=" " ind2=" ">
    <subfield code="a">Objectives: To evaluate the role of power Doppler in assessment of  synovial inflammation in children with juvenile idiopathic arthritis (JIA) and the role of spectral Doppler resistivity index (RI) in grading of active synovitis in JIA and to correlate semi-quantitative power Doppler score and quantitative spectral Doppler RI index with inflammatory markers  and DAS-28. Methods: A cross sectional study was done over a period of 4 months. Thirty one patients of JIA were enrolled. Evidence of arthritis in the form of swelling and tenderness were evaluated and DAS-28 was calculated. A total of 38 clinically swollen knee joints were evaluated by grey scale  USG, power Doppler and spectral Doppler to measure RI within blood vessels. Results: Statistically significant correlation between US detected synovial inflammation and resistive index (RI) and between RI and activity parameters (DAS28 and ESR). Conclusions: Power Color Doppler and Spectral Doppler ultrasonography (USG) indices (RI and color fraction) can be used in  monitoring disease activity and response to therapy in JIA patients </subfield>
  </datafield>
  <datafield tag="530" ind1=" " ind2=" ">
    <subfield code="a">Issued also as CD</subfield>
  </datafield>
  <datafield tag="653" ind1=" " ind2="4">
    <subfield code="a">Juvenile idiopathic arthritis  </subfield>
  </datafield>
  <datafield tag="653" ind1=" " ind2="4">
    <subfield code="a">Power Color Doppler ultrasonography  </subfield>
  </datafield>
  <datafield tag="653" ind1=" " ind2="4">
    <subfield code="a">Synovial inflammation  </subfield>
  </datafield>
  <datafield tag="700" ind1="0" ind2=" ">
    <subfield code="a">Rania Hamdy Hashim , </subfield>
    <subfield code="e">Supervisor</subfield>
  </datafield>
  <datafield tag="700" ind1="0" ind2=" ">
    <subfield code="a">Samia Salah El-Din Mahmoud , </subfield>
    <subfield code="e">Supervisor</subfield>
  </datafield>
  <datafield tag="700" ind1="0" ind2=" ">
    <subfield code="a">Yomna Mohamed Farag , </subfield>
    <subfield code="e">Supervisor</subfield>
  </datafield>
  <datafield tag="856" ind1=" " ind2=" ">
    <subfield code="u">http://172.23.153.220/th.pdf</subfield>
  </datafield>
  <datafield tag="905" ind1=" " ind2=" ">
    <subfield code="a">Nazla</subfield>
    <subfield code="e">Revisor</subfield>
  </datafield>
  <datafield tag="905" ind1=" " ind2=" ">
    <subfield code="a">Shimaa</subfield>
    <subfield code="e">Cataloger</subfield>
  </datafield>
  <datafield tag="942" ind1=" " ind2=" ">
    <subfield code="2">ddc</subfield>
    <subfield code="c">TH</subfield>
  </datafield>
  <datafield tag="999" ind1=" " ind2=" ">
    <subfield code="c">61307</subfield>
    <subfield code="d">61307</subfield>
  </datafield>
  <datafield tag="952" ind1=" " ind2=" ">
    <subfield code="2">ddc</subfield>
    <subfield code="7">0</subfield>
    <subfield code="a">CUCL</subfield>
    <subfield code="b">cl210</subfield>
    <subfield code="d">2024-02-11</subfield>
    <subfield code="o">Cai01.11.28.M.Sc.2016.Ay.R</subfield>
    <subfield code="p">01010110071991000</subfield>
    <subfield code="r">2023-09-22 00:00:00</subfield>
    <subfield code="y">TH</subfield>
  </datafield>
  <datafield tag="952" ind1=" " ind2=" ">
    <subfield code="2">ddc</subfield>
    <subfield code="7">0</subfield>
    <subfield code="a">CUCL</subfield>
    <subfield code="b">cl2u8</subfield>
    <subfield code="d">2024-02-11</subfield>
    <subfield code="o">Cai01.11.28.M.Sc.2016.Ay.R</subfield>
    <subfield code="p">01020110071991000</subfield>
    <subfield code="r">2023-09-22 00:00:00</subfield>
    <subfield code="t">71991.CD  </subfield>
    <subfield code="y">CD</subfield>
  </datafield>
</record>
